000 01118nam a2200337 c 4500
001 5452
003 ES-MaCES
005 20141221121801.0
008 970507s1996 fr ||| | eng d
020 _a9287131813
035 _aCES19980054942m
040 _aES-MaCES
_bspa
_cES-MaCES
111 2 _aChildhood Policies Project
_d1996
_cLeipzig
_9212
245 1 0 _aChildren's rights and childhood policies in Europe: new approaches?
_b: proceedings closing conference of the Childhood Policies Project : Leipzig, 30 May-1 June 1996
260 _aStrasbourg
_bCouncil of Europe
_ccop. 1996
300 _aIII, 204 p.
_c24 cm
504 _aBibliografía
541 _cGratuito
650 4 _aderechos del niño
_929912
650 4 _aniños
_928517
650 4 _ainfancia
_928518
650 4 _apolítica sobre la juventud
_927065
650 4 _aprotección de menores
_930974
650 4 _aEuropa
_926940
650 4 _aconferencia
_927013
653 1 0 _aAsuntos Sociales
710 2 _aConsejo de Europa
_eed.
_92367
902 _aLIB Libro
942 _2CES
_cBK
_h3.3.
999 _c5452
_d5452